000 00653nam a2200265Ia 4500
005 20260121170740.0
008 008 260114s9999 xx 000 0 eng d
020 _a9783319630267
037 _aEBOOK
040 _aCRL
040 _beng
040 _cCRL
041 _2eng
041 _aeng
084 _qCRL
100 _aVictor Tang, Kevin Otto, Warren Seering
_91067692
245 0 _aExecutive Decision Synthesis
260 _bSpringer
260 _bSpringer
260 _c2018
856 _uhttps://link.springer.com/openurl?genre=book&isbn=978-3-319-63026-7
942 _cEBOOK
999 _c1633422
_d1633422